LDR 00704naa#a2200169#i#450# 001 EN\\bibl\121280 005 20260502052523.6 011 ## _a1994-4683 100 ## _a20230803b2023####ek#y0engy0150####ca 102 ## _aRU 200 1# _aUSE OF CHEERLEADING ELEMENTS IN PRESCHOOL DAY MODE TO OPTIMIZE MOTOR ACTIVITY AND HEALTH _eJournal article 210 1# _aMoscow _cNational State University of Physical Education, Sports and Health named after P.F. Lesgaft _d2023 215 ## _a4 с. 608 ## _aJournal article _2local 675 ## _aФилософские и научно-теоретические основы физической культуры и спорта. 796.011 _z 700 #1 _a _g 856 4# _auchzapiski.lesgaft.spb.ru _u